| 000 | 00604nam a2200193 a 4500 | ||
|---|---|---|---|
| 005 | 20140311163008.0 | ||
| 008 | 050704s19uu xx 00 eng d | ||
| 020 | _a9788179921821 | ||
| 050 |
_aHF 5549.2.U5 _b.En54 2003 |
||
| 100 | _aEnglish, Gary | ||
| 245 |
_aPractical strategies for optimizing workforce performance / _cGary English. |
||
| 260 |
_aIndia : _bJaico Publishing House, _c2003. |
||
| 300 |
_a179 p. : _bill. ; _c25 cm. |
||
| 521 | _aBSBA | ||
| 650 |
_aPersonnel management _xUnited States. |
||
| 650 |
_aSuccess in business _xUnited States. |
||
| 942 |
_cBK _2lcc _kFOR |
||
| 999 |
_c39345 _d39345 |
||